[Event "FISU World University-ch 2020"]
[Site "Online"]
[Date "2020.10.26"]
[Round "2.17"]
[White "Daeschler, Florian"]
[Black "Wang, Zihao"]
[Result "0-1"]
[WhiteElo "2254"]
[BlackElo "1811"]
[Annotator "TA"]
[PlyCount "88"]
[EventDate "2020.10.26"]
[SourceTitle "playchess.com"]
[Source "ChessBase"]
[SourceQuality "1"]

1. d4 Nf6 2. c4 e6 3. g3 d5 4. Bg2 dxc4 5. Nf3 Nc6 6. Qa4 Nd7 7. Qxc4 Nb6 8. Qd3 g6 9. O-O Bg7 10. Bg5 f6 11. Bd2 O-O 12. Nc3 Qe7 13. e3 Rd8 14. Qe2 e5 15. dxe5 fxe5 16. Rfd1 Be6 17. b3 e4 18. Ne1 Nd5 19. Nxd5 Bxd5 20. Rac1 Ne5 21. Bc3 Qf7 22. Bxe5 Bxe5 23. Nc2 a5 24. Nd4 c6 25. Qc2 Rf8 26. Rf1 Rfe8 27. Ne2 a4 28. bxa4 Bxa2 29. Bxe4 Bb3 30. Qb1 Rxa4 31. Bg2 Bc4 32. Rfe1 Ra1 33. Qc2 Bb3 34. Qd3 Ra2 35. Rf1 Rf8 36. f4 Bg7 37. Rf2 Be6 38. e4 Qc7 39. e5 Rd8 40. Qe3 Rdd2 41. Bf3 Bf8 42. Rcf1 Qa5 43. Nd4 Bc5 44. Rxd2 Rxd2 0-1

[Event "FISU World University-ch 2020"]
[Site "Online"]
[Date "2020.10.26"]
[Round "2.17"]
[White "Afraoui, Anaelle"]
[Black "Pang, Tao"]
[Result "1/2-1/2"]
[WhiteElo "2120"]
[BlackElo "2427"]
[Annotator "TA"]
[PlyCount "140"]
[EventDate "2020.10.26"]
[SourceTitle "playchess.com"]
[Source "ChessBase"]
[SourceQuality "1"]

1. e4 c6 2. d4 d5 3. Nc3 e6 4. Nf3 Bb4 5. exd5 cxd5 6. Bd2 Nf6 7. Bd3 O-O 8. O-O b6 9. Qe2 Bb7 10. Rfe1 Nc6 11. Rad1 Rc8 12. Nb1 Bxd2 13. Nbxd2 Nb4 14. c3 Nxd3 15. Qxd3 Qe8 16. Ne5 Qa4 17. Qb1 Ne4 18. Re3 f6 19. Nd3 Rce8 20. f3 Nd6 21. Rde1 Bc8 22. a3 Nf5 23. R3e2 Ba6 24. Rxe6 Rxe6 25. Rxe6 Nxd4 26. Re7 Nf5 27. Re1 d4 28. Ne4 Ne3 29. Nb4 Bc4 30. cxd4 a5 31. Rxe3 axb4 32. axb4 Qxb4 33. Nc3 Bf7 34. Ne2 Rd8 35. Qc1 Bc4 36. h3 b5 37. Nc3 Qd6 38. Qd2 Qxd4 39. Qxd4 Rxd4 40. Re8+ Kf7 41. Rb8 h5 42. Nxb5 Rd2 43. Nc3 h4 44. Rb7+ Kg6 45. Rb4 Be6 46. Na4 Kh5 47. Nc5 Bd5 48. Na4 g5 49. Rb6 Rd1+ 50. Kh2 Kg6 51. Nc3 Rd3 52. Rd6 Bc4 53. Rxd3 Bxd3 54. Kg1 Kf5 55. Kf2 Ke5 56. Ke3 Bc4 57. b4 f5 58. b5 f4+ 59. Kf2 Kd4 60. Ne4 Bxb5 61. Nxg5 Ke5 62. Ne4 Bd3 63. Nd2 Kf5 64. Ke1 Ke5 65. Nb3 Bc4 66. Nd2 Bd3 67. Nb3 Bc4 68. Nd2 Bd3 69. Nb3 Bc4 70. Nd2 Bd3 1/2-1/2

[Event "FISU World University-ch 2020"]
[Site "Online"]
[Date "2020.10.26"]
[Round "2.17"]
[White "Lin, Peisen"]
[Black "G______, Y____"]
[Result "0-1"]
[WhiteElo "1965"]
[BlackElo "2007"]
[Annotator "TA"]
[PlyCount "64"]
[EventDate "2020.10.26"]
[SourceTitle "playchess.com"]
[Source "ChessBase"]
[SourceQuality "1"]

1. e4 c6 2. d4 g6 3. Nd2 d5 4. Ngf3 Bg4 5. c3 Bg7 6. h3 Bxf3 7. Qxf3 e6 8. Bd3 Ne7 9. O-O Nd7 10. exd5 cxd5 11. Nb3 O-O 12. Bf4 a5 13. a4 Rc8 14. Rfe1 Nc6 15. Bb5 e5 16. dxe5 Ndxe5 17. Qe2 Re8 18. Rad1 h5 19. Qd2 Kh7 20. Kh1 Qb6 21. Be3 Qc7 22. Qxd5 Rcd8 23. Qc5 Qc8 24. Bxc6 bxc6 25. Nd4 Rd5 26. Qb6 c5 27. Nb5 Nc4 28. Qc7 Qf5 29. Rxd5 Qxd5 30. Qf4 Re7 31. Nc7 Qd3 32. Nb5 Nxb2 0-1

[Event "FISU World University-ch 2020"]
[Site "Online"]
[Date "2020.10.26"]
[Round "2.17"]
[White "Ma, Xinyi"]
[Black "Cahen, Alexis"]
[Result "0-1"]
[WhiteElo "1206"]
[BlackElo "2131"]
[Annotator "TA"]
[PlyCount "152"]
[EventDate "2020.10.26"]
[SourceTitle "playchess.com"]
[Source "ChessBase"]
[SourceQuality "1"]

1. e4 c5 2. Nc3 Nc6 3. g3 g6 4. Bg2 Bg7 5. d3 e6 6. f4 Nge7 7. Nf3 O-O 8. O-O d5 9. e5 Rb8 10. Kh1 b5 11. a3 a5 12. Ne2 f6 13. exf6 Bxf6 14. Re1 Qd6 15. d4 Nf5 16. c3 b4 17. g4 Nh4 18. Nxh4 Bxh4 19. Rf1 Ba6 20. axb4 cxb4 21. Bd2 Qd8 22. g5 Qb6 23. Rf3 Ne7 24. Rh3 Nf5 25. Ng1 Bf2 26. Nf3 Ne3 27. Bxe3 Bxe3 28. Ne5 Bxf4 29. Nd7 Qc7 30. Nxb8 Rxb8 31. Qg4 Bc8 32. Rf1 Bd2 33. Qf3 Qe7 34. Rg3 Ba6 35. Rf2 Be1 36. Rc2 b3 37. Rc1 Bxg3 38. Qxg3 Rf8 39. Ra1 Qd8 40. Qe5 Bc8 41. Bh3 Re8 42. Re1 Qe7 43. Qf6 Qxf6 44. gxf6 Kf7 45. Ra1 Kxf6 46. Rxa5 Bd7 47. Ra7 Ke7 48. Rb7 Rf8 49. Kg2 h5 50. Rxb3 g5 51. Kg3 h4+ 52. Kg4 e5+ 53. Kxg5 Bxh3 54. dxe5 Ke6 55. Kxh4 Rh8+ 56. Kg3 Kxe5 57. Rb5 Bd7 58. Rc5 Rg8+ 59. Kf3 Kd6 60. b4 Rf8+ 61. Ke3 Rh8 62. Kd4 Rh4+ 63. Kd3 Rxh2 64. Kd4 Rh4+ 65. Kd3 Bf5+ 66. Ke3 Rc4 67. Rxc4 dxc4 68. Kd4 Bd3 69. b5 Bf1 70. Ke3 Kc5 71. Kf2 Bd3 72. Ke3 Kxb5 73. Kd4 Ka4 74. Ke3 Kb3 75. Kd2 Kb2 76. Ke3 Kxc3 0-1

[Event "FISU World University-ch 2020"]
[Site "Online"]
[Date "2020.10.26"]
[Round "2.18"]
[White "Martirosyan, Haik M."]
[Black "Sandoval Mercado, Carlos"]
[Result "1-0"]
[WhiteElo "2622"]
[BlackElo "2298"]
[Annotator "TA"]
[PlyCount "99"]
[EventDate "2020.10.26"]
[SourceTitle "playchess.com"]
[Source "ChessBase"]
[SourceQuality "1"]

1. d4 Nf6 2. Nf3 g6 3. Nc3 d5 4. Bf4 a6 5. e3 Bg7 6. Be2 c5 7. dxc5 Qa5 8. Nd2 Qxc5 9. Nb3 Qc6 10. O-O O-O 11. a4 b6 12. a5 b5 13. Na2 Bf5 14. Nb4 Qc8 15. c3 Rd8 16. Nd4 h5 17. Bxb8 Qxb8 18. Nbc6 Qd6 19. Nxf5 gxf5 20. Nxd8 Rxd8 21. Bxh5 Ne4 22. Bf3 Be5 23. g3 Qg6 24. Bg2 e6 25. h3 Nd6 26. g4 Nc4 27. b3 Nd6 28. Rc1 Qf6 29. gxf5 Nxf5 30. Qg4+ Kh7 31. Qh5+ Nh6 32. c4 Rg8 33. cxd5 exd5 34. Kh1 Rg5 35. Qf3 Nf5 36. Qxd5 Qg7 37. Qe4 Kh6 38. Rc5 f6 39. Rc8 Nd6 40. Qa8 Nxc8 41. f4 Rxg2 42. Qxg2 Qxg2+ 43. Kxg2 Bc3 44. Rc1 b4 45. Rd1 Kg6 46. Kf3 Kf7 47. Rd8 Ne7 48. Rd6 Nf5 49. Rxa6 Ke7 50. Rb6 1-0

[Event "FISU World University-ch 2020"]
[Site "Online"]
[Date "2020.10.26"]
[Round "2.18"]
[White "Sargsyan, Anna M."]
[Black "Real Pereyra, Diana Carime"]
[Result "1/2-1/2"]
[WhiteElo "2402"]
[BlackElo "2042"]
[Annotator "TA"]
[PlyCount "145"]
[EventDate "2020.10.26"]
[SourceTitle "playchess.com"]
[Source "ChessBase"]
[SourceQuality "1"]

1. d4 Nf6 2. c4 c5 3. Nf3 g6 4. d5 Bg7 5. Nc3 d6 6. e4 O-O 7. h3 a6 8. a4 b6 9. Be2 h6 10. O-O e5 11. dxe6 Bxe6 12. Bf4 Ne8 13. Qd2 Nc6 14. Bxh6 Ra7 15. Bxg7 Kxg7 16. Rad1 Rh8 17. e5 Rd7 18. Qe3 Rh5 19. exd6 Nxd6 20. b3 Nf5 21. Qe4 Qc7 22. Rxd7 Bxd7 23. Nd5 Qd6 24. Rd1 Rh8 25. Nxb6 Ncd4 26. Nxd7 Qxd7 27. Nxd4 Nxd4 28. Bf1 Re8 29. Qf4 Qb7 30. Qg3 a5 31. Kh2 Qe7 32. Qc3 Qc7+ 33. Kg1 Re6 34. Rd3 Qb6 35. Qd2 Qc7 36. Re3 Rd6 37. Qc3 Rf6 38. Qe1 Nc2 39. Re7 Qf4 40. Qe2 Nd4 41. Qe3 Nxb3 42. Qxf4 Rxf4 43. g3 Rd4 44. Bg2 Kf6 45. Rb7 Nd2 46. f4 Nxc4 47. Rc7 Ne3 48. Bf3 Rxa4 49. Kf2 Nf5 50. Bd5 Nd6 51. Rxc5 Ne4+ 52. Bxe4 Rxe4 53. Rxa5 Rb4 54. Kf3 Rb3+ 55. Kg4 Rb4 56. h4 Rb3 57. Rc5 Ra3 58. Rb5 Rc3 59. Rb2 Ra3 60. Rf2 Rb3 61. f5 Rb4+ 62. Kh3 gxf5 63. Ra2 Kg6 64. Ra6+ f6 65. Ra3 Rc4 66. Kg2 Rb4 67. Kf3 Rc4 68. Ra8 Kg7 69. h5 Kh6 70. Rf8 Kxh5 71. Rxf6 Kg5 72. Rf8 Rc3+ 73. Kf2 1/2-1/2

[Event "FISU World University-ch 2020"]
[Site "Online"]
[Date "2020.10.26"]
[Round "2.18"]
[White "Gracia Alvarez, Gerardo An"]
[Black "Petrosyan, Manuel"]
[Result "0-1"]
[WhiteElo "2308"]
[BlackElo "2628"]
[Annotator "TA"]
[PlyCount "74"]
[EventDate "2020.10.26"]
[SourceTitle "playchess.com"]
[Source "ChessBase"]
[SourceQuality "1"]

1. e4 e5 2. Nf3 Nc6 3. Nc3 Nf6 4. Bb5 Nd4 5. O-O Nxb5 6. Nxb5 c6 7. Nc3 d6 8. d4 Qc7 9. Bg5 Be7 10. h3 O-O 11. Qd3 h6 12. Bxf6 Bxf6 13. d5 a6 14. Nd2 c5 15. a4 b6 16. Nc4 g6 17. f4 exf4 18. Rxf4 Bd4+ 19. Kh1 Rb8 20. Ne3 Qe7 21. Raf1 b5 22. axb5 axb5 23. Nf5 gxf5 24. exf5 Qe3 25. Qd1 Kh7 26. Re4 Qg5 27. Rg4 Qd8 28. Qd3 Bf6 29. Ne4 c4 30. Qg3 Be5 31. Qe3 Rg8 32. Nf2 Bxf5 33. Rxg8 Qxg8 34. Ne4 Qg6 35. Nd2 Rg8 36. g4 Bxc2 37. Nf3 Be4 0-1

[Event "FISU World University-ch 2020"]
[Site "Online"]
[Date "2020.10.26"]
[Round "2.18"]
[White "Tello Chavez, Isaac Valent"]
[Black "Harutyunian, Tigran K."]
[Result "0-1"]
[WhiteElo "2275"]
[BlackElo "2549"]
[Annotator "TA"]
[PlyCount "104"]
[EventDate "2020.10.26"]
[SourceTitle "playchess.com"]
[Source "ChessBase"]
[SourceQuality "1"]

1. c4 e6 2. Nf3 d5 3. b3 Nf6 4. Bb2 b6 5. g3 Bb7 6. Bg2 c5 7. O-O Be7 8. e3 O-O 9. d4 cxd4 10. Nxd4 Nbd7 11. Nc3 Nc5 12. cxd5 Nxd5 13. Nxd5 Bxd5 14. Nc6 Bxc6 15. Bxc6 Rc8 16. Bg2 Bf6 17. Qxd8 Rfxd8 18. Bxf6 gxf6 19. Rfd1 f5 20. Rac1 Kg7 21. Rd4 Kf6 22. Rdc4 a5 23. b4 axb4 24. Rxb4 Nd3 25. Rxc8 Rxc8 26. Rb3 Ne5 27. Rxb6 Rc1+ 28. Bf1 Rc2 29. h3 Rxa2 30. Kg2 Nd7 31. Rb4 Nc5 32. Rf4 e5 33. Rf3 e4 34. Rf4 Ne6 35. Rh4 Kg6 36. Bc4 Rc2 37. Bxe6 fxe6 38. Kg1 h5 39. g4 hxg4 40. hxg4 Kg5 41. Rh8 Kxg4 42. Rg8+ Kf3 43. Rg3+ Ke2 44. Rg6 Rc1+ 45. Kg2 Rf1 46. Rxe6 Rxf2+ 47. Kg3 Rf3+ 48. Kg2 Kxe3 49. Ra6 Rf2+ 50. Kg1 Rd2 51. Ra3+ Rd3 52. Ra8 f4 0-1

[Event "FISU World University-ch 2020"]
[Site "Online"]
[Date "2020.10.26"]
[Round "2.19"]
[White "Roshka, Yevgeniy"]
[Black "Smieszek, Wojciech"]
[Result "1-0"]
[WhiteElo "2476"]
[BlackElo "2107"]
[Annotator "TA"]
[PlyCount "75"]
[EventDate "2020.10.26"]
[SourceTitle "playchess.com"]
[Source "ChessBase"]
[SourceQuality "1"]

1. d4 Nf6 2. c4 c5 3. d5 e6 4. Nc3 exd5 5. cxd5 d6 6. Nf3 g6 7. Nd2 Nbd7 8. Nc4 Nb6 9. e4 Nxc4 10. Bxc4 a6 11. a4 Bg7 12. O-O O-O 13. f3 Nh5 14. Be3 Re8 15. Qd2 f5 16. Bg5 Bd4+ 17. Kh1 Qc7 18. exf5 gxf5 19. Rae1 Bd7 20. Be7 f4 21. Bg5 Be3 22. Rxe3 fxe3 23. Bxe3 Re5 24. g4 Rae8 25. Bg5 Ng7 26. Bf6 Re3 27. Nd1 b5 28. Nxe3 bxc4 29. Nxc4 Bxa4 30. Qg5 Re2 31. Nxd6 Bb5 32. Rd1 Rf2 33. Qxg7+ Qxg7 34. Bxg7 Kxg7 35. Nxb5 Rxf3 36. d6 Rf8 37. d7 Rd8 38. Na7 1-0

[Event "FISU World University-ch 2020"]
[Site "Online"]
[Date "2020.10.26"]
[Round "2.19"]
[White "Osmak, Iulija"]
[Black "Krzysztynska, Anna"]
[Result "1-0"]
[WhiteElo "2438"]
[BlackElo "1888"]
[Annotator "TA"]
[PlyCount "81"]
[EventDate "2020.10.26"]
[SourceTitle "playchess.com"]
[Source "ChessBase"]
[SourceQuality "1"]

1. d4 Nf6 2. Bf4 g6 3. Nc3 Bg7 4. e4 d6 5. Qd2 O-O 6. Bh6 Nc6 7. Bxg7 Kxg7 8. O-O-O a6 9. f4 b5 10. d5 Na7 11. e5 Nd7 12. Nf3 Nb6 13. h4 h5 14. Ne4 Bf5 15. Ng3 Bg4 16. Be2 f6 17. Nd4 dxe5 18. fxe5 fxe5 19. Bxg4 exd4 20. Qxd4+ Kh7 21. Be6 Qd6 22. Ne4 Qf4+ 23. Kb1 Nc4 24. b3 Nd6 25. Ng5+ Kh6 26. Qd3 c5 27. Rdf1 Qe5 28. Nf3 Qg7 29. g4 c4 30. Qe3+ Kh7 31. gxh5 gxh5 32. Rhg1 Qh6 33. Ng5+ Kh8 34. Qe5+ Rf6 35. Rf5 Raf8 36. Nf7+ Nxf7 37. Bxf7 R8xf7 38. Rxh5 Kh7 39. Rxh6+ Rxh6 40. Qe4+ Kh8 41. Qg4 1-0

[Event "FISU World University-ch 2020"]
[Site "Online"]
[Date "2020.10.26"]
[Round "2.19"]
[White "Parol, Pola"]
[Black "Bakhmatsky, Vladislav"]
[Result "0-1"]
[WhiteElo "2069"]
[BlackElo "2438"]
[Annotator "TA"]
[PlyCount "112"]
[EventDate "2020.10.26"]
[SourceTitle "playchess.com"]
[Source "ChessBase"]
[SourceQuality "1"]

1. e4 c5 2. Nf3 d6 3. d4 cxd4 4. Nxd4 Nf6 5. Nc3 a6 6. h4 e5 7. Nb3 Be7 8. Bg5 Be6 9. Bxf6 Bxf6 10. Nd5 Nd7 11. g3 Nb6 12. Qd3 Nxd5 13. exd5 Bd7 14. Qe4 Qc8 15. Bd3 Be7 16. O-O-O f5 17. Qg2 a5 18. Nd2 a4 19. a3 e4 20. Be2 Qc5 21. Kb1 Rc8 22. c3 Qxd5 23. Nc4 Qc5 24. g4 Bb5 25. Nxd6+ Bxd6 26. Bxb5+ Qxb5 27. Rxd6 O-O 28. gxf5 Qxf5 29. Ka1 Rce8 30. Rg1 Re7 31. Rd4 Qxf2 32. Qxf2 Rxf2 33. Re1 e3 34. Kb1 Rd2 35. Rg4 e2 36. Kc1 Red7 37. Rgg1 Kf7 38. Rh1 h5 39. Rhg1 Kf6 40. Kb1 Kf5 41. Ka2 Kf4 42. Rg5 Re7 43. Rgg1 Kf3 44. Kb1 Red7 45. Kc1 Kf4 46. Rh1 Rd1+ 47. Rxd1 Rxd1+ 48. Rxd1 exd1=Q+ 49. Kxd1 g5 50. hxg5 Kxg5 51. Ke2 Kf4 52. Kf2 Ke4 53. Kg3 Kd3 54. Kh4 Kc2 55. Kxh5 Kxb2 56. Kg4 Kxa3 0-1

[Event "FISU World University-ch 2020"]
[Site "Online"]
[Date "2020.10.26"]
[Round "2.19"]
[White "Sulkowski, Andrzej"]
[Black "Martynkova, Olena"]
[Result "0-1"]
[WhiteElo "1783"]
[BlackElo "2222"]
[Annotator "TA"]
[PlyCount "66"]
[EventDate "2020.10.26"]
[SourceTitle "playchess.com"]
[Source "ChessBase"]
[SourceQuality "1"]

1. d4 Nf6 2. Nf3 g6 3. g3 Bg7 4. Bg2 O-O 5. O-O d6 6. c4 Nbd7 7. Nc3 e5 8. e3 Re8 9. b3 c6 10. Bb2 e4 11. Nd2 d5 12. Rc1 a6 13. Na4 Nf8 14. cxd5 cxd5 15. Qc2 Ne6 16. b4 h5 17. Nc5 Ng5 18. Qa4 b6 19. Ncb3 Bd7 20. Qa3 Bf8 21. Ba1 a5 22. Rb1 axb4 23. Qb2 Bh3 24. Bxh3 Nxh3+ 25. Kg2 Qd7 26. Nc1 Ng5 27. f4 Qh3+ 28. Kg1 Ng4 29. Ndb3 Nf3+ 30. Rxf3 exf3 31. Nd3 Rxe3 32. Nbc1 f2+ 33. Nxf2 Re1# 0-1

[Event "FISU World University-ch 2020"]
[Site "Online"]
[Date "2020.10.26"]
[Round "2.20"]
[White "Voloshynskyi, Liubomyr"]
[Black "Moreno Estebanez, Patxi"]
[Result "1/2-1/2"]
[WhiteElo "2118"]
[BlackElo "2226"]
[Annotator "TA"]
[PlyCount "82"]
[EventDate "2020.10.26"]
[SourceTitle "playchess.com"]
[Source "ChessBase"]
[SourceQuality "1"]

1. e4 c5 2. Nf3 Nc6 3. d4 cxd4 4. Nxd4 g6 5. Nc3 Bg7 6. Be3 Nf6 7. Bc4 O-O 8. Bb3 Re8 9. f3 e6 10. Qd2 d5 11. exd5 Nxd5 12. Nxd5 exd5 13. O-O-O Na5 14. h4 Nxb3+ 15. axb3 a5 16. h5 a4 17. hxg6 hxg6 18. Kb1 a3 19. Bh6 Bf6 20. bxa3 Rxa3 21. Qb4 Ra6 22. Bc1 Be6 23. Bb2 Qa8 24. Qd2 Bg7 25. Qf4 Ra2 26. Qh4 Rxb2+ 27. Kxb2 b5 28. b4 Qc8 29. c3 Qc4 30. Qh7+ Kf8 31. Rh4 Bg4 32. Rxg4 Re2+ 33. Nxe2 Qxe2+ 34. Kc1 Qe3+ 35. Kb1 Qxc3 36. Qxg7+ Kxg7 37. Rgd4 Qb3+ 38. Kc1 Qc3+ 39. Kb1 Qb3+ 40. Kc1 Qc3+ 41. Kb1 Qb3+ 1/2-1/2

[Event "FISU World University-ch 2020"]
[Site "Online"]
[Date "2020.10.26"]
[Round "2.20"]
[White "Stasiuk, Vitaly"]
[Black "Morante Rafael, Aritz"]
[Result "0-1"]
[WhiteElo "1855"]
[BlackElo "2161"]
[Annotator "TA"]
[PlyCount "34"]
[EventDate "2020.10.26"]
[SourceTitle "playchess.com"]
[Source "ChessBase"]
[SourceQuality "1"]

1. e4 e5 2. Nf3 Nc6 3. Bb5 Nf6 4. O-O Bc5 5. d3 Nd4 6. Bc4 Nxf3+ 7. Qxf3 h6 8. Qg3 d6 9. Qxg7 Rh7 10. Qg3 Qe7 11. Be3 Rh8 12. Qh4 Be6 13. Bxc5 dxc5 14. f4 Bxc4 15. fxe5 Nd7 16. Qxe7+ Kxe7 17. d4 Bxf1 0-1

[Event "FISU World University-ch 2020"]
[Site "Online"]
[Date "2020.10.26"]
[Round "2.20"]
[White "Apellaniz Perez, Estibaliz"]
[Black "Sydoryak, Vira"]
[Result "0-1"]
[WhiteElo "1363"]
[BlackElo "1791"]
[Annotator "NA RC"]
[PlyCount "40"]
[EventDate "2020.10.26"]
[SourceTitle "playchess.com"]
[Source "ChessBase"]
[SourceQuality "1"]

1. Nf3 Nf6 2. c4 g6 3. Nc3 Bg7 4. b3 O-O 5. Bb2 d5 6. e3 Nc6 7. Be2 a5 8. h4 Bf5 9. Nd4 Nxd4 10. exd4 dxc4 11. bxc4 Qxd4 12. Na4 Qe4 13. f3 Qf4 14. Kf1 Rfd8 15. Bc1 Nh5 16. d3 Ng3+ 17. Kg1 Qd4+ 18. Kh2 Qxh4+ 19. Kg1 Bd4+ 20. Be3 Bxe3# 0-1

[Event "FISU World University-ch 2020"]
[Site "Online"]
[Date "2020.10.26"]
[Round "2.21"]
[White "Porras Chavarria, Steve"]
[Black "Palacio, Enzo"]
[Result "1/2-1/2"]
[WhiteElo "1825"]
[BlackElo "1896"]
[Annotator "NA RC"]
[PlyCount "166"]
[EventDate "2020.10.26"]
[SourceTitle "playchess.com"]
[Source "ChessBase"]
[SourceQuality "1"]

1. e4 c5 2. Nf3 d6 3. Bb5+ Bd7 4. Bxd7+ Qxd7 5. c4 Nf6 6. Nc3 Nc6 7. d4 cxd4 8. Nxd4 g6 9. Be3 Bg7 10. f3 O-O 11. Rc1 Rfc8 12. b3 Qd8 13. O-O Nd7 14. Qd2 a5 15. a4 Nc5 16. Rb1 Nb4 17. Rfd1 Qd7 18. Kh1 Rf8 19. Nd5 Nxd5 20. exd5 Qc7 21. Nb5 Qd7 22. Qf2 Rac8 23. Bd4 Qf5 24. Bxg7 Kxg7 25. Qd4+ Qf6 26. Re1 Qxd4 27. Nxd4 Rfe8 28. Re3 h5 29. Rbe1 Kf6 30. Kg1 Rcd8 31. Kf2 e5 32. dxe6 Nxe6 33. Nb5 Rd7 34. Rd1 Red8 35. Nc3 Nc7 36. Red3 Ke6 37. Nd5 Nxd5 38. Rxd5 b6 39. h4 Rc8 40. g4 hxg4 41. fxg4 Rc5 42. Re1+ Kf6 43. g5+ Kg7 44. Red1 Rxd5 45. Rxd5 f5 46. Ke3 Kf7 47. Kf4 Ke6 48. h5 gxh5 49. Rxf5 Rg7 50. Rf6+ Ke7 51. Rh6 Rf7+ 52. Ke4 Rg7 53. Rxh5 Ke6 54. Rh6+ Ke7 55. Kf5 Rf7+ 56. Rf6 Rg7 57. Re6+ Kd7 58. Kf6 Rxg5 59. Re7+ Kd8 60. Rb7 Re5 61. Rxb6 Kc7 62. Rb5 Re3 63. Kf5 Kc6 64. Kf4 Rd3 65. Ke4 Rh3 66. Kd4 Rg3 67. Rxa5 Rxb3 68. Rb5 Ra3 69. a5 Kc7 70. Kd5 Rd3+ 71. Ke4 Ra3 72. Kd4 Kc6 73. Rb6+ Kc7 74. Ra6 Kb7 75. Rxd6 Rxa5 76. Rd5 Ra1 77. Kc5 Kc7 78. Re5 Ra5+ 79. Kd4 Rxe5 80. Kxe5 Kc6 81. Ke4 Kc5 82. Kd3 Kc6 83. Kd4 Kd6 1/2-1/2

[Event "FISU World University-ch 2020"]
[Site "Online"]
[Date "2020.10.26"]
[Round "2.21"]
[White "Lanaro, Emilio"]
[Black "Campos Astorga, Priscila"]
[Result "1-0"]
[WhiteElo "1657"]
[BlackElo "1381"]
[Annotator "NA RC"]
[PlyCount "47"]
[EventDate "2020.10.26"]
[SourceTitle "playchess.com"]
[Source "ChessBase"]
[SourceQuality "1"]

1. e4 e5 2. Nf3 Nc6 3. Bc4 Bc5 4. c3 d6 5. d4 Bb6 6. h3 Nf6 7. O-O O-O 8. Re1 h6 9. a4 a6 10. Na3 Re8 11. dxe5 Nxe5 12. Bd3 Bd7 13. Be3 Nxd3 14. Qxd3 Nxe4 15. Bxb6 cxb6 16. Rxe4 Rxe4 17. Qxe4 Bc6 18. Qd3 Qf6 19. Nc4 b5 20. Nb6 Rd8 21. Nd5 Qe6 22. Rd1 bxa4 23. c4 Qc8 24. Ne7+ 1-0

[Event "FISU World University-ch 2020"]
[Site "Online"]
[Date "2020.10.26"]
[Round "2.21"]
[White "Arguedas Bolanos, Sharline"]
[Black "Perez, Cecilia Manuela"]
[Result "1-0"]
[WhiteElo "1319"]
[BlackElo "1588"]
[Annotator "NA RC"]
[PlyCount "53"]
[EventDate "2020.10.26"]
[SourceTitle "playchess.com"]
[Source "ChessBase"]
[SourceQuality "1"]

1. d4 e6 2. Nf3 f5 3. e3 Nf6 4. Bd3 d6 5. b3 Be7 6. Bb2 O-O 7. Nbd2 d5 8. O-O Bd7 9. Ne5 c6 10. c4 Be8 11. Ndf3 Bh5 12. Qc2 Nbd7 13. Ng5 Bf7 14. Ngxf7 Rxf7 15. Nxf7 Kxf7 16. f4 Ng4 17. Qe2 Kg8 18. h3 Ngf6 19. g4 Ne4 20. Qg2 Bb4 21. a3 Bd2 22. Bxe4 Bxe3+ 23. Kh2 Qh4 24. Bd3 Nf6 25. Qg3 Qh6 26. g5 Ng4+ 27. Kg2 1-0

[Event "FISU World University-ch 2020"]
[Site "Online"]
[Date "2020.10.26"]
[Round "2.21"]
[White "Caceres Boada, Ragde Leonardo"]
[Black "Rosales Gonzalez, Jessica"]
[Result "0-1"]
[WhiteElo "1242"]
[BlackElo "1313"]
[Annotator "NA RC"]
[PlyCount "96"]
[EventDate "2020.10.26"]
[SourceTitle "playchess.com"]
[Source "ChessBase"]
[SourceQuality "1"]

1. d4 d5 2. Nf3 Nf6 3. Bf4 e6 4. e3 Be7 5. Nbd2 O-O 6. c3 b6 7. Bd3 Bb7 8. O-O Nbd7 9. Ne5 c5 10. Ndf3 Ne4 11. Qa4 Nxe5 12. Bxe5 f6 13. Bf4 a6 14. Qc2 Rc8 15. Bxe4 dxe4 16. Nd2 cxd4 17. exd4 Qd5 18. Be3 b5 19. Qb3 Qc6 20. a4 f5 21. axb5 axb5 22. f4 Bf6 23. Ra5 Qd7 24. Qxb5 Qxb5 25. Rxb5 Ba6 26. Rb6 Bxf1 27. Kxf1 Rfe8 28. c4 h6 29. b4 g5 30. g3 Kf7 31. c5 Bd8 32. Rb7+ Kf6 33. Nc4 Ra8 34. c6 Ra1+ 35. Ke2 Ra2+ 36. Bd2 Be7 37. c7 gxf4 38. gxf4 Rc8 39. Nb6 Bxb4 40. Nxc8 Rxd2+ 41. Ke3 Rd3+ 42. Ke2 Rxd4 43. Na7 Rd2+ 44. Kf1 Rd1+ 45. Kg2 Rd2+ 46. Kh3 Rd3+ 47. Kh4 Be1+ 48. Kh5 Rh3# 0-1

[Event "FISU World University-ch 2020"]
[Site "Online"]
[Date "2020.10.26"]
[Round "2.22"]
[White "Wu Yuxuan"]
[Black "Barmagambetova, Sakypzhamal"]
[Result "1/2-1/2"]
[WhiteElo "2152"]
[BlackElo "1894"]
[Annotator "TA"]
[PlyCount "105"]
[EventDate "2020.10.26"]
[SourceTitle "playchess.com"]
[Source "ChessBase"]
[SourceQuality "1"]

1. b3 c5 2. Bb2 e6 3. Nf3 Nf6 4. e3 Be7 5. d4 O-O 6. Bd3 b6 7. O-O Bb7 8. Nbd2 d6 9. Qe2 Nbd7 10. e4 cxd4 11. Bxd4 Nc5 12. Bxc5 dxc5 13. Ba6 Bxa6 14. Qxa6 Qc7 15. a4 Rfd8 16. a5 h6 17. axb6 axb6 18. Qxa8 Rxa8 19. Rxa8+ Kh7 20. Rfa1 Qf4 21. R8a7 Ng8 22. Rb7 g5 23. g3 Qf6 24. Ra4 g4 25. e5 Qg6 26. Ne1 Qg5 27. Ne4 Qxe5 28. Nd3 Qf5 29. Rxb6 Qf3 30. Nc3 Nf6 31. Rf4 Qa8 32. Ra4 Qf3 33. Rf4 Qa8 34. Ra4 Qf3 35. Rc4 h5 36. Ne5 Qf5 37. Nc6 Bd6 38. Rb7 Kg7 39. Nd8 Qxc2 40. Rxf7+ Kg8 41. Rxf6 Be5 42. Rxe6 Bxc3 43. Kg2 Qd3 44. Re8+ Kh7 45. Re7+ Bg7 46. Nb7 Qf3+ 47. Kg1 Qd1+ 48. Kg2 Qf3+ 49. Kf1 Qd1+ 50. Kg2 Qf3+ 51. Kf1 Qd1+ 52. Kg2 Qf3+ 53. Kf1 1/2-1/2

[Event "FISU World University-ch 2020"]
[Site "Online"]
[Date "2020.10.26"]
[Round "2.23"]
[White "Pineiro, Dario"]
[Black "Nithyalakshmi, Sivanesan"]
[Result "1-0"]
[WhiteElo "2190"]
[BlackElo "1945"]
[Annotator "TA"]
[PlyCount "59"]
[EventDate "2020.10.26"]
[SourceTitle "playchess.com"]
[Source "ChessBase"]
[SourceQuality "1"]

1. c4 Nf6 2. g3 d5 3. Bg2 c6 4. Nf3 Bf5 5. d4 e6 6. O-O Nbd7 7. b3 Be7 8. Nbd2 h6 9. Bb2 O-O 10. e3 a5 11. a3 a4 12. Re1 axb3 13. Qxb3 Qb6 14. c5 Qa7 15. a4 b6 16. cxb6 Nxb6 17. Ne5 Rfc8 18. Rec1 c5 19. dxc5 Bxc5 20. Qb5 Nbd7 21. Nc6 Qb6 22. Qxb6 Nxb6 23. Rxc5 Kh7 24. Bxf6 Nxa4 25. Ra5 Rxa5 26. Nxa5 gxf6 27. Rxa4 Rc1+ 28. Bf1 Rd1 29. Nab3 Bc2 30. Ra1 1-0

[Event "FISU World University-ch 2020"]
[Site "Online"]
[Date "2020.10.26"]
[Round "2.23"]
[White "Ahmad Nazari, Emir Rusyaidi"]
[Black "Acosta, Pablo Ismael"]
[Result "1-0"]
[WhiteElo "1963"]
[BlackElo "2465"]
[Annotator "TA"]
[PlyCount "117"]
[EventDate "2020.10.26"]
[SourceTitle "playchess.com"]
[Source "ChessBase"]
[SourceQuality "1"]

1. e4 c5 2. Nf3 e6 3. d4 cxd4 4. Nxd4 a6 5. g3 Nf6 6. Bg2 Qc7 7. O-O Be7 8. b3 O-O 9. Bb2 d6 10. c4 Nbd7 11. Nc3 Rb8 12. Rc1 b6 13. Nd5 exd5 14. cxd5 Nc5 15. b4 Bd7 16. bxc5 bxc5 17. Ba1 Qa5 18. Nc6 Bxc6 19. dxc6 Qc7 20. Qe2 Rb6 21. e5 dxe5 22. Bxe5 Qc8 23. Bxf6 Bxf6 24. Rxc5 Rb2 25. Qc4 Qc7 26. Rd1 Rd8 27. Rxd8+ Bxd8 28. Rd5 Qb6 29. Qd4 Qxd4 30. Rxd4 Bb6 31. Rd7 Rxf2 32. Kh1 Rxa2 33. h4 Rc2 34. Rb7 Rc1+ 35. Kh2 Bg1+ 36. Kh3 h5 37. Be4 g6 38. Bxg6 Rxc6 39. Bxf7+ Kf8 40. Bxh5 Rc3 41. Rf7+ Kg8 42. Rf1 Bd4 43. Bf3 a5 44. g4 a4 45. g5 a3 46. Kg4 Rc5 47. Bd1 Rb5 48. Be2 Rb4 49. Bf3 Kg7 50. Bd5 Bf2+ 51. Kf5 Bxh4 52. Rc1 Rb5 53. Rc7+ Kf8 54. Ke6 Bxg5 55. Rf7+ Kg8 56. Ra7 Bc1 57. Kf6+ Kh8 58. Ra8+ Kh7 59. Be4+ 1-0